• 首页
  • 本馆介绍
  • 公告通知
  • 最新文献
  • 馆藏检索
  • 电子资源
  • 读者导购
  • 参考咨询
  • 我的图书馆
  • 登录
  • 详细信息显示
  • 放入我的书架
  • 预约/预借图书
  • 作者相关作品
  • 分类相关作品
  • 丛书相关作品
  • 出版社相关作品

书目信息

  • 表格格式
  • 工作单格式
  • 卡片格式
题名:
MPLS网络设计权威指南
    
 
作者: Guichard , Faucheur , Vasseur 著 ;陈武 译
分册:  
出版信息: 北京   人民邮电出版社  2007
页数: 352页
开本: 26cm
丛书名:
单 册:
中图分类: TN915.142
科图分类:
主题词: 宽带综合业务数字网
电子资源:
ISBN: 7-115-15390-6
000 01195nam0 2200325 45
001 012004094205
005 20080303093049.65
009 012004094205
010    @a7-115-15390-6@dCNY55.00@z978-7-115-15390-6
035    @a(110120)012006108941
100    @a20061213d2007 em y0chiy0110 ea
101 1  @achi@ceng
102    @aCN@b110000
105    @aa z 000yy
106    @ar
200 1  @aMPLS网络设计权威指南@AMPLS wang luo she ji quan wei zhi nan@dDefinitive MPLS network designs@fJim Guichard, Francois Le Faucheur, Jean-Philippe Vasseur著@g陈武译@zeng
210    @a北京@c人民邮电出版社@d2007
215    @a352页@c图@d26cm
305    @a本书中文简体字版由美国Cisco Press授权出版
330    @a本书首先用两章的篇幅复习了将要涉及的各种技术,然后介绍了一系列的设计案例,包括长途通信公司、国家电信公司、国际服务提供商和大型企业的MPLS网络设计。
510 1  @aDefinitive MPLS network designs@zeng
606 0  @a宽带综合业务数字网
610 0  @aMPLS
690    @aTN915.142@v4
701  1 @aGuichard@bJim@4著
701  1 @aFaucheur@bFrancois Le@4著
701  1 @aVasseur@bJean-Philippe@4著
702  0 @a陈武@Achen wu@4译
801  0 @aCN@b110120@c20080303
905    @dTN915.142@e93@f4
    
    MPLS网络设计权威指南=Definitive MPLS network designs/Jim Guichard, Francois Le Faucheur, Jean-Philippe Vasseur著/陈武译.-北京:人民邮电出版社,2007
    352页:图;26cm
    
    
    ISBN 7-115-15390-6:CNY55.00
    本书首先用两章的篇幅复习了将要涉及的各种技术,然后介绍了一系列的设计案例,包括长途通信公司、国家电信公司、国际服务提供商和大型企业的MPLS网络设计。
●
相关链接 在E读中查询图书 在五车中查询图书 在当当中查询图书 在豆瓣中查询图书


正题名:MPLS网络设计权威指南     索取号:TN915.142/93         预约/预借

序号 登录号 条形码 馆藏地/架位号 状态 备注
1 0793537   207935378   第二样本阅览室/ [索取号:TN915.142/93] 在馆    
2 0793538   207935387   第三借阅区/ [索取号:TN915.142/93] 在馆    
3 0793539   207935396   第三借阅区/ [索取号:TN915.142/93] 在馆    
4 0793540   207935403   第三借阅区/ [索取号:TN915.142/93] 在馆    
唐山师范学院图书馆 欢迎您!
大连网信软件有限公司© 版权所有